[Event "SRB-chT 1st League CS"]
[Site "Bajina Basta"]
[Date "2021.09.27"]
[Round "3.5"]
[White "Ivanovic, Marko"]
[Black "Gavrilovic, Leonardo"]
[Result "1-0"]
[WhiteElo "2300"]
[BlackElo "2194"]
[PlyCount "57"]
[EventDate "2021.09.26"]
[EventType "team-tourn"]
[EventRounds "11"]
[EventCountry "SRB"]
[SourceTitle "EXT 2023"]
[Source "ChessBase"]
[SourceDate "2022.10.05"]
[SourceVersion "1"]
[SourceVersionDate "2022.10.05"]
[SourceQuality "1"]
[WhiteTeam "Kostolac Rudar"]
[BlackTeam "Cacak Borac"]
[WhiteTeamCountry "SRB"]
[BlackTeamCountry "SRB"]

1. e4 d5 2. exd5 Qxd5 3. Nc3 Qd6 4. d4 Nf6 5. Nf3 a6 6. Bd3 b5 7. Be3 Bb7 8. Qe2 Nbd7 9. 0-0-0 e6 10. Kb1 b4 11. Na4 Qc6 12. b3 Bd6 13. Bc4 Nd5 14. Ne5 Bxe5 15. dxe5 Nxe3 16. Qxe3 0-0 17. Rd4 Qxg2 18. Rhd1 Nb6 19. Nxb6 cxb6 20. Be2 Qxh2 21. Rg4 f5 22. exf6 Rxf6 23. Qxb6 Rf7 24. Qxe6 Raf8 25. Bc4 h5 26. Rd8 Qxf2 27. Qxf7+ Qxf7 28. Bxf7+ Kxf7 29. Rf4+ 1-0

[Event "SRB-chT 1st League"]
[Site "Bajina Basta"]
[Date "2020.10.14"]
[Round "7.5"]
[White "Gavrilovic, Leonardo"]
[Black "Banjovic, Sasa"]
[Result "0-1"]
[WhiteElo "2246"]
[BlackElo "2121"]
[PlyCount "112"]
[EventDate "2020.10.10"]
[EventType "team-tourn"]
[EventRounds "11"]
[EventCountry "SRB"]
[SourceTitle "CBM 198 Extra"]
[Source "ChessBase"]
[SourceDate "2020.11.30"]
[SourceVersion "1"]
[SourceVersionDate "2020.11.30"]
[SourceQuality "1"]
[WhiteTeam "Cacak Borac"]
[BlackTeam "Surdulica Radnik"]
[WhiteTeamCountry "SRB"]
[BlackTeamCountry "SRB"]

1. Nf3 f5 2. c4 Nf6 3. g3 d6 4. d4 e6 5. Nc3 Be7 6. Qc2 0-0 7. Bg2 a5 8. 0-0 Nc6 9. Rd1 Qe8 10. e4 e5 11. dxe5 dxe5 12. exf5 Qh5 13. Nh4 Nd4 14. Qd3 Nxf5 15. Nxf5 Bxf5 16. Qe2 Qxe2 17. Nxe2 c6 18. Be3 Ng4 19. Nc3 Nxe3 20. fxe3 Bc5 21. Re1 Bd3 22. b3 Bb4 23. Rac1 Rad8 24. Na4 Bxe1 25. Rxe1 Bf5 26. Nc5 Rf7 27. Be4 Bxe4 28. Nxe4 Rd3 29. Kg2 b6 30. Re2 Kf8 31. Ng5 Rfd7 32. Nxh7+ Ke7 33. Ng5 a4 34. Ne4 axb3 35. axb3 Rxb3 36. h4 Rd1 37. Kf3 Rc1 38. c5 b5 39. g4 Rf1+ 40. Kg3 Rf8 41. h5 Ke6 42. Kh4 Kd5 43. Ng5 Re8 44. Rd2+ Kxc5 45. Rd7 Rxe3 46. Rxg7 Re1 47. h6 Rh1+ 48. Nh3 e4 49. h7 Rh8 50. g5 e3 51. g6 e2 52. Re7 e1Q+ 53. Rxe1 Rxe1 54. Ng5 Re7 55. Nf7 Rxf7 56. Kh5 Re7 0-1

[Event "SRB-chT 2nd League West"]
[Site "Kragujevac"]
[Date "2019.10.03"]
[Round "6.4"]
[White "Adzic, Momcilo"]
[Black "Gavrilovic, Leonardo"]
[Result "0-1"]
[WhiteElo "2227"]
[BlackElo "2225"]
[PlyCount "96"]
[EventDate "2019.09.06"]
[EventType "team-tourn"]
[EventRounds "11"]
[EventCountry "SRB"]
[SourceTitle "EXT 2020"]
[Source "ChessBase"]
[SourceDate "2019.10.17"]
[SourceVersion "1"]
[SourceVersionDate "2019.10.17"]
[SourceQuality "1"]
[WhiteTeam "Kosovska Mitrovica"]
[BlackTeam "Cacak Borac"]
[WhiteTeamCountry "SRB"]
[BlackTeamCountry "SRB"]

1. e4 Nf6 2. Nc3 d5 3. exd5 Nxd5 4. d4 Bf5 5. Bd3 Bxd3 6. Qxd3 Nb4 7. Qe4 N8c6 8. Be3 e6 9. 0-0-0 Nd5 10. Nge2 Be7 11. Nxd5 Qxd5 12. Nc3 Qxe4 13. Nxe4 0-0-0 14. Rhe1 Rd7 15. c3 h6 16. f4 Rhd8 17. Bf2 Rd5 18. g4 g6 19. Bg3 b5 20. a3 Na5 21. Nd2 Nc6 22. b4 a5 23. Nb3 Kb7 24. Kb2 h5 25. h3 Rh8 26. Rh1 Bd6 27. Nc5+ Bxc5 28. dxc5 hxg4 29. hxg4 Rxh1 30. Rxh1 Rd2+ 31. Kc1 Ra2 32. Be1 Rxa3 33. bxa5 Ra4 34. f5 Rxg4 35. fxe6 fxe6 36. Kd2 Nxa5 37. Ke3 Nc4+ 38. Kd3 Ne5+ 39. Ke3 Kc6 40. Rh7 Nd7 41. Bh4 g5 42. Bf2 Nxc5 43. Kf3 Rc4 44. Be1 g4+ 45. Ke3 Re4+ 46. Kd2 Nd3 47. Bg3 Nf4 48. Re7 Nd5 0-1

[Event "SRB-chT 2nd League West"]
[Site "Kragujevac"]
[Date "2019.09.06"]
[Round "1.3"]
[White "Kecap, Ismed"]
[Black "Gavrilovic, Leonardo"]
[Result "0-1"]
[WhiteElo "2173"]
[BlackElo "2225"]
[PlyCount "55"]
[EventDate "2019.09.06"]
[EventType "team-tourn"]
[EventRounds "11"]
[EventCountry "SRB"]
[SourceTitle "EXT 2020"]
[Source "ChessBase"]
[SourceDate "2019.10.17"]
[SourceVersion "1"]
[SourceVersionDate "2019.10.17"]
[SourceQuality "1"]
[WhiteTeam "Tutin"]
[BlackTeam "Cacak Borac"]
[WhiteTeamCountry "SRB"]
[BlackTeamCountry "SRB"]

1. e4 Nf6 2. d3 c5 3. f4 Nc6 4. Nf3 d5 5. e5 Nd7 6. c3 e6 7. Be3 d4 8. Bf2 f6 9. Bg3 Be7 10. Nbd2 0-0 11. Qb3 fxe5 12. fxe5 dxc3 13. bxc3 Nb6 14. Be2 Nd5 15. 0-0 Na5 16. Qb2 Bd7 17. Rfe1 Bc6 18. Bf1 Nf4 19. Qc2 Qe8 20. Ne4 Qg6 21. Qd2 Nc4 22. Qc1 Nh5 23. Kh1 Nxg3+ 24. hxg3 Nb6 25. Kh2 Nd7 26. Kg1 Bxe4 27. Rxe4 Qxg3 28. Qe3 0-1

[Event "SRB-chT Central"]
[Site "Kragujevac"]
[Date "2018.09.18"]
[Round "7.1"]
[White "Markovic, Zoran S"]
[Black "Gavrilovic, Leonardo"]
[Result "1/2-1/2"]
[WhiteElo "2346"]
[BlackElo "2243"]
[PlyCount "90"]
[EventDate "2018.09.14"]
[EventType "team-tourn"]
[EventRounds "11"]
[EventCountry "SRB"]
[SourceTitle "CBM 186 Extra"]
[Source "ChessBase"]
[SourceDate "2018.08.24"]
[SourceVersion "1"]
[SourceVersionDate "2018.08.24"]
[SourceQuality "1"]
[WhiteTeam "Petrovac Sloga"]
[BlackTeam "Cacak Borac"]
[WhiteTeamCountry "SRB"]
[BlackTeamCountry "SRB"]

1. e4 Nf6 2. e5 Nd5 3. d4 d6 4. Nf3 g6 5. Bc4 Nb6 6. Bb3 Bg7 7. a4 a5 8. Qe2 Nc6 9. 0-0 d5 10. h3 0-0 11. c3 f6 12. exf6 exf6 13. Re1 Bd7 14. Bf4 Re8 15. Qd2 Ne7 16. Re2 Bc6 17. Ne1 Nc4 18. Qc2 Qd7 19. Nd3 b6 20. Nd2 Nxd2 21. Qxd2 Nf5 22. Rae1 Kf7 23. Bc2 Nd6 24. Rxe8 Rxe8 25. Rxe8 Kxe8 26. b3 Bf8 27. f3 Qc8 28. Nf2 Bd7 29. Ng4 Kf7 30. Bg3 Nf5 31. Bxf5 Bxf5 32. Nh6+ Kg7 33. Qf4 Bc2 34. Ng4 Be7 35. Qxc7 Qe6 36. c4 Bxb3 37. c5 bxc5 38. dxc5 h5 39. Nf2 Bxa4 40. Bd6 Kf8 41. Bxe7+ Qxe7 42. Qxa5 Bd7 43. Qc3 Kf7 44. f4 Qe2 45. c6 Bxc6 1/2-1/2

[Event "SRB-chT Central"]
[Site "Kragujevac"]
[Date "2018.09.17"]
[Round "5.1"]
[White "Ilic, Zoran S"]
[Black "Gavrilovic, Leonardo"]
[Result "1-0"]
[WhiteElo "2307"]
[BlackElo "2243"]
[PlyCount "91"]
[EventDate "2018.09.14"]
[EventType "team-tourn"]
[EventRounds "11"]
[EventCountry "SRB"]
[SourceTitle "CBM 186 Extra"]
[Source "ChessBase"]
[SourceDate "2018.08.24"]
[SourceVersion "1"]
[SourceVersionDate "2018.08.24"]
[SourceQuality "1"]
[WhiteTeam "Smederevska Palanka Jasenica"]
[BlackTeam "Cacak Borac"]
[WhiteTeamCountry "SRB"]
[BlackTeamCountry "SRB"]

1. d4 Nf6 2. Nf3 e6 3. c4 b6 4. g3 Ba6 5. b3 Bb4+ 6. Bd2 Be7 7. Bg2 Bb7 8. Nc3 0-0 9. 0-0 d5 10. Qc2 c5 11. cxd5 exd5 12. Bf4 Nc6 13. Rfd1 Nxd4 14. Nxd4 cxd4 15. Nb5 Rc8 16. Qb2 d3 17. Rxd3 Qd7 18. Nd4 Ne4 19. Be5 f6 20. Bf4 Rfe8 21. Bf3 Bf8 22. Rdd1 Bb4 23. Rac1 Bc3 24. Qb1 g6 25. Qd3 a6 26. a4 Qe7 27. Be3 Kg7 28. Rc2 Rc7 29. Rdc1 Rec8 30. Bg4 Bxd4 31. Bxc8 Rxc2 32. Rxc2 Bc5 33. Bxb7 Qxb7 34. f3 Bxe3+ 35. Qxe3 Ng5 36. h4 Nf7 37. Qe8 g5 38. hxg5 fxg5 39. Qc6 Qb8 40. Qc7 Qe8 41. Qxb6 Qe5 42. Kf2 d4 43. Rc4 Qf5 44. Qxd4+ Kf8 45. Qc5+ Ke8 46. Ke1 1-0

[Event "SRB-chT Central"]
[Site "Kragujevac"]
[Date "2018.09.15"]
[Round "2.1"]
[White "Gavrilovic, Leonardo"]
[Black "Mijailovic, Zoran"]
[Result "0-1"]
[WhiteElo "2243"]
[BlackElo "2400"]
[PlyCount "150"]
[EventDate "2018.09.14"]
[EventType "team-tourn"]
[EventRounds "11"]
[EventCountry "SRB"]
[SourceTitle "CBM 186 Extra"]
[Source "ChessBase"]
[SourceDate "2018.08.24"]
[SourceVersion "1"]
[SourceVersionDate "2018.08.24"]
[SourceQuality "1"]
[WhiteTeam "Cacak Borac"]
[BlackTeam "Lucani Mladost"]
[WhiteTeamCountry "SRB"]
[BlackTeamCountry "SRB"]

1. Nf3 Nf6 2. c4 e6 3. Nc3 b6 4. g3 Bb7 5. Bg2 Bb4 6. Qc2 0-0 7. 0-0 c5 8. a3 Bxc3 9. Qxc3 d5 10. d4 cxd4 11. Qxd4 Nc6 12. Qh4 dxc4 13. Qxc4 Rc8 14. Qa4 Na5 15. Bg5 h6 16. Rad1 Qe7 17. Qb4 Qxb4 18. axb4 hxg5 19. bxa5 Bxf3 20. Bxf3 bxa5 21. Rd4 Rc2 22. h3 Rxb2 23. Ra1 Rb4 24. Rd2 a4 25. Rda2 Rc8 26. Rxa4 Rxa4 27. Rxa4 Rc7 28. Ra5 Nh7 29. e4 g6 30. Kg2 Kg7 31. Bd1 Nf6 32. Bf3 Kh6 33. Kg1 Nd7 34. Kg2 Nc5 35. e5 Kg7 36. Be2 Nb3 37. Ra3 Nc5 38. Ra5 Kf8 39. Kf3 Nb3 40. Ra4 Nc5 41. Ra5 Kg7 42. Kg4 Kh6 43. Kf3 Nd7 44. Kg2 Kg7 45. Kf3 Nb6 46. Kg4 Kh6 47. Kf3 Nd5 48. Kg2 Ne7 49. Bf3 Nf5 50. Ra4 Kg7 51. Be4 Ne7 52. Kf3 Nc8 53. Bd3 Rc5 54. Ke4 a5 55. Rc4 Rxc4+ 56. Bxc4 Na7 57. Bb3 Nc6 58. Ba4 Nb4 59. Kd4 Kf8 60. Kc4 Ke7 61. Kd4 Kd8 62. Kc4 Nd5 63. Bc6 Nb6+ 64. Kb3 Nd7 65. Bb5 Nc5+ 66. Kc4 Ne4 67. f4 gxf4 68. gxf4 Nf2 69. h4 Nh3 70. Bc6 Nxf4 71. Bf3 Ke7 72. Bd1 Ng2 73. Kb5 Nxh4 74. Kxa5 g5 75. Kb4 Ng6 0-1

[Event "SRB-chT Central"]
[Site "Kragujevac"]
[Date "2018.09.14"]
[Round "1.1"]
[White "Nikolic, Boban"]
[Black "Gavrilovic, Leonardo"]
[Result "1/2-1/2"]
[WhiteElo "2243"]
[BlackElo "2243"]
[PlyCount "111"]
[EventDate "2018.09.14"]
[EventType "team-tourn"]
[EventRounds "11"]
[EventCountry "SRB"]
[SourceTitle "CBM 186 Extra"]
[Source "ChessBase"]
[SourceDate "2018.08.24"]
[SourceVersion "1"]
[SourceVersionDate "2018.08.24"]
[SourceQuality "1"]
[WhiteTeam "Pirot Progres"]
[BlackTeam "Cacak Borac"]
[WhiteTeamCountry "SRB"]
[BlackTeamCountry "SRB"]

1. c4 Nf6 2. Nc3 e5 3. g3 d5 4. cxd5 Nxd5 5. Bg2 Nb6 6. Nf3 Nc6 7. a3 a5 8. d3 Be7 9. Be3 Nd5 10. Nxd5 Qxd5 11. 0-0 Qb5 12. d4 exd4 13. Nxd4 Nxd4 14. Bxd4 0-0 15. e3 Rd8 16. Rc1 c6 17. a4 Qf5 18. Qb3 Bb4 19. e4 Qh5 20. Qe3 Bh3 21. Bxh3 Qxh3 22. Rfd1 Rd6 23. Qf3 Re8 24. Bc5 Rf6 25. Qg2 Qh5 26. Bxb4 axb4 27. Rd4 Qa5 28. b3 b5 29. axb5 Qxb5 30. Qf1 Qa5 31. Qc4 Rb8 32. Rcd1 h5 33. Rd6 Rf3 34. R1d3 Rxd3 35. Qxd3 Qc5 36. Kg2 Ra8 37. Rd7 Ra2 38. Qf3 f6 39. e5 Qxe5 40. Rd8+ Kh7 41. Qxc6 Re2 42. Qf3 Kg6 43. Rd5 Qe4 44. Qxe4+ Rxe4 45. Kf3 f5 46. Rd6+ Kf7 47. h4 Ke7 48. Rg6 Kf7 49. Rb6 Ke7 50. Rb8 Kf7 51. Rb6 Ke7 52. Rb7+ Kf6 53. Kg2 f4 54. Rb6+ Kf7 55. Kf3 fxg3 56. fxg3 1/2-1/2

[Event "SRB-chT Cup"]
[Site "Kragujevac"]
[Date "2016.04.22"]
[Round "4.1"]
[White "Gavrilovic, Leonardo"]
[Black "Mladenovic, Stefan"]
[Result "1-0"]
[WhiteElo "2191"]
[BlackElo "2329"]
[PlyCount "187"]
[EventDate "2016.04.20"]
[EventType "team-swiss"]
[EventRounds "7"]
[EventCountry "SRB"]
[SourceTitle "CBM 172 Extra"]
[Source "ChessBase"]
[SourceDate "2016.06.21"]
[SourceVersion "1"]
[SourceVersionDate "2016.06.21"]
[SourceQuality "1"]
[WhiteTeam "Cacak Borac"]
[BlackTeam "Paracin"]
[WhiteTeamCountry "SRB"]
[BlackTeamCountry "SRB"]

1. Nf3 Nf6 2. c4 Nc6 3. d4 e6 4. a3 d6 5. Nc3 g6 6. g3 Bg7 7. Bg2 0-0 8. 0-0 a5 9. h3 h6 10. Re1 e5 11. d5 Nb8 12. e4 Bd7 13. Be3 Na6 14. Nd2 b6 15. Rb1 Nc5 16. Nb3 a4 17. Nxc5 bxc5 18. b4 axb3 19. Qxb3 Qc8 20. Kh2 Qa6 21. Ra1 Rfb8 22. Qa2 Be8 23. Bf1 Rb7 24. Bd3 Rba7 25. Qd2 Kh7 26. Reb1 Qc8 27. Rb3 c6 28. dxc6 Bxc6 29. Qb2 Ne8 30. Nd5 Bxd5 31. cxd5 f5 32. Bb5 fxe4 33. Bc6 Nf6 34. a4 Ra6 35. Bb7 Qf8 36. Bxa6 Rxa6 37. Qd2 Qf7 38. Rab1 Qxd5 39. a5 c4 40. Rb6 Rxa5 41. Rxd6 Qxd2 42. Bxd2 Ra7 43. Rbb6 Rf7 44. Be3 Ng8 45. Rbc6 Bf8 46. Re6 Bg7 47. Rxc4 Nf6 48. Rcc6 Nd5 49. Bc5 g5 50. Kg2 Nc3 51. Re7 Rxe7 52. Bxe7 Nd5 53. Bc5 Kg8 54. Ba7 Kf7 55. Rc4 Nf6 56. Bb6 Nd5 57. Bd8 e3 58. Kf3 exf2 59. Kxf2 Ke8 60. Ba5 Kd7 61. Bd2 Bf8 62. Kf3 Nf6 63. Ra4 Ke6 64. Ra6+ Kf7 65. Ra7+ Ke6 66. Ra6+ Kf7 67. Bc1 e4+ 68. Kg2 Nd5 69. Ra4 Nf6 70. Bb2 Be7 71. Bxf6 Bxf6 72. Rxe4 Kg6 73. Kf3 h5 74. Ra4 Kf5 75. Ra5+ Be5 76. g4+ hxg4+ 77. hxg4+ Ke6 78. Ke4 Bf4 79. Ra6+ Kf7 80. Kf5 Kg7 81. Ra7+ Kg8 82. Kg6 Kf8 83. Ra8+ Ke7 84. Ra7+ Kf8 85. Kf6 Kg8 86. Ra8+ Kh7 87. Kf7 Bg3 88. Ra1 Kh6 89. Rh1+ Bh4 90. Rh3 Kh7 91. Rxh4+ gxh4 92. g5 h3 93. g6+ Kh6 94. g7 1-0

[Event "SRB-chT Cup"]
[Site "Kragujevac"]
[Date "2016.04.21"]
[Round "2.2"]
[White "Trpkovic, Miroljub"]
[Black "Gavrilovic, Leonardo"]
[Result "0-1"]
[WhiteElo "1923"]
[BlackElo "2191"]
[PlyCount "60"]
[EventDate "2016.04.20"]
[EventType "team-swiss"]
[EventRounds "7"]
[EventCountry "SRB"]
[SourceTitle "CBM 172 Extra"]
[Source "ChessBase"]
[SourceDate "2016.06.21"]
[SourceVersion "1"]
[SourceVersionDate "2016.06.21"]
[SourceQuality "1"]
[WhiteTeam "Velika Plana Morava"]
[BlackTeam "Cacak Borac"]
[WhiteTeamCountry "SRB"]
[BlackTeamCountry "SRB"]

1. e4 Nf6 2. e5 Nd5 3. c4 Nb6 4. d4 d6 5. exd6 cxd6 6. Nf3 g6 7. Be2 Bg7 8. 0-0 0-0 9. Nc3 Nc6 10. Be3 Bg4 11. b3 d5 12. c5 Nc8 13. Rc1 e6 14. h3 Bxf3 15. Bxf3 N8e7 16. Ne2 Nf5 17. Qd2 Nh4 18. Rcd1 Nxf3+ 19. gxf3 Qh4 20. Kh2 e5 21. Ng3 Nxd4 22. Kg2 Qe7 23. b4 a5 24. a3 axb4 25. axb4 Ra3 26. Bxd4 exd4 27. Ne2 d3 28. Nc1 Bc3 29. Qf4 d2 30. Nd3 Re8 0-1

[Event "SRB-chT Cup"]
[Site "Kragujevac"]
[Date "2016.04.20"]
[Round "1.4"]
[White "Knezevic, Milija"]
[Black "Gavrilovic, Leonardo"]
[Result "0-1"]
[WhiteElo "1757"]
[BlackElo "2191"]
[PlyCount "64"]
[EventDate "2016.04.20"]
[EventType "team-swiss"]
[EventRounds "7"]
[EventCountry "SRB"]
[SourceTitle "EXT 2017"]
[Source "ChessBase"]
[SourceDate "2016.10.25"]
[SourceVersion "1"]
[SourceVersionDate "2016.10.25"]
[SourceQuality "1"]
[WhiteTeam "Gornja Jablanica Medvedja"]
[BlackTeam "Cacak Borac"]
[WhiteTeamCountry "SRB"]
[BlackTeamCountry "SRB"]

1. e4 Nf6 2. Nc3 d5 3. exd5 Nxd5 4. Nxd5 Qxd5 5. Qf3 Qc5 6. c3 e5 7. Bd3 Bd6 8. Ne2 0-0 9. Ng3 f5 10. Bc2 e4 11. Qh5 Nc6 12. 0-0 Ne5 13. d4 exd3 14. Bb3+ Kh8 15. Be3 Qb5 16. Bd4 c5 17. Bxe5 Bxe5 18. Rab1 c4 19. Bd1 Bxc3 20. Bf3 Be5 21. Qg5 Bf6 22. Qd2 g6 23. Rfe1 Bd7 24. Nf1 Rae8 25. Ne3 Bc6 26. Bxc6 Qxc6 27. Qb4 b5 28. g3 Bd4 29. Nf1 Qf3 30. Ne3 f4 31. gxf4 Rxf4 32. Qd2 Rxe3 0-1

[Event "SRB-chT2 West"]
[Site "Kragujevac"]
[Date "2015.10.09"]
[Round "7.5"]
[White "Gavrilovic, Leonardo"]
[Black "Stojanovic, Dobrisav"]
[Result "1/2-1/2"]
[WhiteElo "2207"]
[BlackElo "2298"]
[PlyCount "91"]
[EventDate "2015.09.04"]
[EventType "team-tourn"]
[EventRounds "11"]
[EventCountry "SRB"]
[SourceTitle "EXT 2022"]
[Source "ChessBase"]
[SourceDate "2021.10.06"]
[SourceVersion "1"]
[SourceVersionDate "2021.10.06"]
[SourceQuality "1"]

1. e4 e5 2. Nf3 Nc6 3. Bb5 a6 4. Ba4 Nf6 5. 0-0 Be7 6. Re1 b5 7. Bb3 d6 8. c3 0-0 9. d4 Bg4 10. Be3 exd4 11. cxd4 Na5 12. Bc2 Nc4 13. Bc1 c5 14. b3 Nb6 15. dxc5 dxc5 16. Qxd8 Bxd8 17. Ne5 Bc7 18. Nxg4 Nxg4 19. f4 c4 20. h3 Nf6 21. a4 Rfe8 22. axb5 axb5 23. Rxa8 Rxa8 24. Nc3 b4 25. Nb5 Bd8 26. Rd1 cxb3 27. Bxb3 Nxe4 28. Be3 Nc3 29. Nxc3 bxc3 30. Rd6 Rb8 31. Bd4 Bc7 32. Rc6 Na8 33. Rxc3 Bxf4 34. Rf3 Rb4 35. Bc5 Rb5 36. Bxf7+ Kxf7 37. Rxf4+ Ke6 38. Bd4 Rb4 39. Rf8 Rxd4 40. Rxa8 h5 41. Ra5 g6 42. Kf2 Rd3 43. h4 Kf6 44. Rb5 Rd4 45. g3 Rd3 46. Rg5 1/2-1/2

[Event "SRB-chT2 West"]
[Site "Kragujevac"]
[Date "2015.10.08"]
[Round "6.5"]
[White "Stojkovic, Predrag S"]
[Black "Gavrilovic, Leonardo"]
[Result "0-1"]
[WhiteElo "2209"]
[BlackElo "2207"]
[PlyCount "44"]
[EventDate "2015.09.04"]
[EventType "team-tourn"]
[EventRounds "11"]
[EventCountry "SRB"]
[SourceTitle "EXT 2022"]
[Source "ChessBase"]
[SourceDate "2021.10.06"]
[SourceVersion "1"]
[SourceVersionDate "2021.10.06"]
[SourceQuality "1"]

1. d4 Nf6 2. c4 c5 3. Nf3 g6 4. g3 cxd4 5. Nxd4 d5 6. Bg2 Bg7 7. cxd5 Nxd5 8. 0-0 0-0 9. Nb5 a6 10. Bxd5 axb5 11. Qb3 Nc6 12. e3 Bg4 13. f3 Bh3 14. Rd1 Qb6 15. Na3 e6 16. Be4 Rfd8 17. Bd2 Bf5 18. Bxf5 gxf5 19. Kf2 b4 20. Nc4 Qc5 21. Rac1 b5 22. Na3 Rxd2+ 0-1

[Event "SRB-chT2 West"]
[Site "Kragujevac"]
[Date "2015.09.05"]
[Round "3.3"]
[White "Gavrilovic, Leonardo"]
[Black "Ivanovic, Dragoslav"]
[Result "0-1"]
[WhiteElo "2207"]
[BlackElo "2177"]
[PlyCount "162"]
[EventDate "2015.09.04"]
[EventType "team-tourn"]
[EventRounds "11"]
[EventCountry "SRB"]
[SourceTitle "EXT 2022"]
[Source "ChessBase"]
[SourceDate "2021.10.06"]
[SourceVersion "1"]
[SourceVersionDate "2021.10.06"]
[SourceQuality "1"]

1. Nf3 d5 2. c4 c6 3. d4 Nf6 4. Nc3 e6 5. e3 Nbd7 6. Bd3 dxc4 7. Bxc4 b5 8. Bd3 Bb7 9. 0-0 a6 10. e4 b4 11. e5 bxc3 12. exf6 Nxf6 13. bxc3 Be7 14. Rb1 Rb8 15. Qa4 0-0 16. Bf4 Bd6 17. Bxd6 Qxd6 18. Bxa6 Ba8 19. Qa5 Ne4 20. Bd3 c5 21. Rxb8 Rxb8 22. Re1 f5 23. Qa3 c4 24. Qxd6 Nxd6 25. Be2 Bd5 26. Ne5 Rb2 27. a4 Ra2 28. h4 Rxa4 29. Rb1 Kf8 30. Rb8+ Ke7 31. Rg8 Ne8 32. h5 Ra3 33. Nxc4 Bxc4 34. Bxc4 Rxc3 35. Bf1 Rc1 36. h6 gxh6 37. Rg3 Nf6 38. Ra3 Ne4 39. Rb3 Kd6 40. g3 Rc2 41. Rf3 Rd2 42. Kg2 Rxd4 43. Rd3 Rxd3 44. Bxd3 Nf6 45. f4 Kd5 46. Ba6 h5 47. Bb7+ Kd6 48. Kf3 h6 49. Ba6 e5 50. fxe5+ Kxe5 51. Bb5 h4 52. gxh4 Nh5 53. Be8 Nf4 54. Bb5 Ne6 55. Ba6 Nd4+ 56. Ke3 f4+ 57. Kf2 Nf5 58. Kf3 Nxh4+ 59. Kg4 Nf5 60. Bd3 Ng3 61. Kf3 Nf5 62. Kg4 Ng7 63. Kf3 h5 64. Bg6 Kf6 65. Be4 Kg5 66. Bd5 Nf5 67. Bb7 h4 68. Kg2 Ne3+ 69. Kh3 Nc4 70. Kg2 Ne5 71. Bd5 Nd7 72. Be6 Nf8 73. Bc8 Ng6 74. Be6 Kf6 75. Bc8 Ke5 76. Kf3 Ne7 77. Bd7 Nd5 78. Bc8 Nf6 79. Bh3 Ne4 80. Bc8 h3 81. Bb7 Ng3 0-1

[Event "Gligoric Cup 3rd"]
[Site "Kraljevo"]
[Date "2015.05.22"]
[Round "7.5"]
[White "Radlovacki, Jovan"]
[Black "Gavrilovic, Leonardo"]
[Result "1/2-1/2"]
[WhiteElo "2381"]
[BlackElo "2229"]
[PlyCount "29"]
[EventDate "2015.05.16"]
[EventType "team-swiss"]
[EventRounds "7"]
[EventCountry "SRB"]
[SourceTitle "CBM 166 Extra"]
[Source "ChessBase"]
[SourceDate "2015.06.18"]
[SourceVersion "1"]
[SourceVersionDate "2015.06.18"]
[SourceQuality "1"]
[WhiteTeam "Novi Banovci Omladinac"]
[BlackTeam "Cacak Borac"]
[WhiteTeamCountry "SRB"]
[BlackTeamCountry "SRB"]

1. e4 c5 2. Nf3 Nf6 3. e5 Nd5 4. Nc3 Nxc3 5. dxc3 d5 6. exd6 exd6 7. Bc4 Be7 8. Bf4 0-0 9. Qd3 Nd7 10. Bxd6 Nb6 11. Bxe7 Qxe7+ 12. Qe2 Re8 13. Qxe7 Rxe7+ 14. Be2 Bf5 15. Kf1 1/2-1/2

[Event "Pozarevac-ch"]
[Site "Pozarevac"]
[Date "2014.12.27"]
[Round "3"]
[White "Gavrilovic, Leonardo"]
[Black "Antic, Dejan"]
[Result "0-1"]
[WhiteElo "2215"]
[BlackElo "2484"]
[PlyCount "87"]
[EventDate "2014.12.26"]
[EventType "swiss"]
[EventRounds "5"]
[EventCountry "SRB"]
[SourceTitle "CBM 164 Extra"]
[Source "ChessBase"]
[SourceDate "2015.03.02"]
[SourceVersion "1"]
[SourceVersionDate "2015.03.02"]
[SourceQuality "1"]

1. Nf3 Nf6 2. d4 g6 3. g3 Bg7 4. Bg2 0-0 5. c4 d6 6. Nc3 c6 7. h3 Qa5 8. 0-0 e5 9. e4 Nbd7 10. Re1 exd4 11. Nxd4 Ne5 12. Bf1 Be6 13. Nxe6 fxe6 14. Kg2 Rad8 15. f4 Nf7 16. Qa4 Qc7 17. Qxa7 e5 18. Be3 exf4 19. gxf4 Qe7 20. Bd3 Nh5 21. Rf1 Bxc3 22. bxc3 Qh4 23. Rf3 g5 24. Kh1 gxf4 25. Rg1+ Ng3+ 26. Kh2 Ne5 27. Rfxg3+ fxg3+ 28. Rxg3+ Kh8 29. Bg5 Nf3+ 30. Kg2 Nxg5 31. Qd4+ Kg8 32. c5 Rf3 33. Rxg5+ Qxg5+ 34. Kxf3 Qh5+ 35. Kg2 Qe5 36. Bc4+ Kg7 37. cxd6 Qxd4 38. cxd4 Rxd6 39. d5 Kf6 40. dxc6 bxc6 41. Kf3 Ke5 42. Ke3 Rd4 43. Bd3 Ra4 44. Bb1 0-1

[Event "Vojvodina-ch 5th"]
[Site "Novi Sad"]
[Date "2014.07.14"]
[Round "4"]
[White "Rajkovic, Mladen"]
[Black "Gavrilovic, Leonardo"]
[Result "1-0"]
[WhiteElo "2116"]
[BlackElo "2267"]
[PlyCount "77"]
[EventDate "2014.07.12"]
[EventType "swiss"]
[EventRounds "9"]
[EventCountry "YUG"]
[SourceTitle "CBM 161 Extra"]
[Source "ChessBase"]
[SourceDate "2014.08.29"]
[SourceVersion "1"]
[SourceVersionDate "2014.08.29"]
[SourceQuality "1"]

1. e4 Nf6 2. e5 Nd5 3. d4 d6 4. c4 Nb6 5. exd6 cxd6 6. Nc3 g6 7. Be3 Bg7 8. Rc1 0-0 9. b3 Nc6 10. d5 Ne5 11. Be2 f5 12. f4 Nf7 13. Nf3 Nd7 14. 0-0 Re8 15. Nd4 Nf8 16. Bf3 Qa5 17. Qd2 a6 18. Rfd1 Bd7 19. Nce2 Qc7 20. Bf2 Bf6 21. b4 a5 22. c5 axb4 23. c6 Bc8 24. Qxb4 Rxa2 25. Nc3 Ra6 26. Ndb5 Qb8 27. Na4 b6 28. Be2 e6 29. Na3 exd5 30. Bxa6 Bxa6 31. Nxb6 Ne6 32. Qa4 Nc7 33. Nd7 Qd8 34. Bb6 Bb2 35. Rc2 Qh4 36. Bf2 Qg4 37. Rxb2 Kg7 38. Qd4+ Kh6 39. Nf6 1-0

[Event "SRB-CupT Central Serbia"]
[Site "Serbia"]
[Date "2014.05.02"]
[Round "5.5"]
[White "Gavrilovic, Leonardo"]
[Black "Milosevic, Aleksandar"]
[Result "1/2-1/2"]
[WhiteElo "2255"]
[BlackElo "2308"]
[PlyCount "87"]
[EventDate "2014.03.23"]
[EventType "team"]
[EventRounds "8"]
[EventCountry "SRB"]
[SourceTitle "EXT 2015"]
[Source "ChessBase"]
[SourceDate "2014.11.20"]
[SourceVersion "1"]
[SourceVersionDate "2014.11.20"]
[SourceQuality "1"]

1. Nf3 Nf6 2. d4 e6 3. g3 b5 4. Bg2 Bb7 5. 0-0 Be7 6. a3 0-0 7. Nc3 a6 8. Qd3 d6 9. e4 Nbd7 10. e5 dxe5 11. dxe5 Nd5 12. Ne4 h6 13. c4 bxc4 14. Qxc4 Qb8 15. Re1 Rd8 16. b4 c5 17. Nxc5 Nxc5 18. bxc5 Qc7 19. Bd2 Bxc5 20. Qg4 Kf8 21. Rec1 Qe7 22. Nh4 Rac8 23. Rc4 g5 24. Nf3 Nb6 25. Rxc5 Bxf3 26. Bxf3 Rxd2 27. Rxc8+ Nxc8 28. Qb4 Rc2 29. Bb7 a5 30. Qe4 Qc5 31. Rf1 Kg7 32. Bxc8 Qxc8 33. Qf3 Qc3 34. Qf6+ Kg8 35. Qd8+ Kh7 36. Qf6 Qc7 37. h3 Rc1 38. Rxc1 Qxc1+ 39. Kh2 Qc7 40. a4 Qd7 41. Kg1 Qd1+ 42. Kh2 Qd7 43. Kg1 Qd1+ 44. Kh2 1/2-1/2